Statistics for Largest cities in Central America

Click here to take the quiz!

General Stats

  • This quiz has been taken 35 times
  • The average score is 8 of 15

Answer Stats

PopulationCountryAnswer% Correct
2,918,000GuatemalaGuatemala City
100%
956,000NicaraguaManagua
100%
1,673,000PanamaPanama City
100%
1,098,000El SalvadorSan Salvador
100%
1,324,000Costa RicaSan Jose
97%
1,170,000HondurasTegucigalpa
90%
852,000HondurasSan Pedro Sula
63%
270,000El SalvadorSanta Ana
30%
204,000NicaraguaLeon
27%
564,000GuatemalaVilla Nueva
20%
204,000HondurasLa Ceiba
13%
355,000PanamaSan Miguelito
13%
495,000GuatemalaMixco
10%
453,000HondurasCholoma
7%
280,000El SalvadorSoprayanga
7%

Score Distribution

Percentile by Number Answered

Percent of People with Each Score

Your Score History

You have not taken this quiz